000
00264 a2200121 4500
001
31431
082
_a
001.6424NEG
090
_c
21315
_d
21315
100
_a
Negus, Christopher
245
_a
Red Hat Linux Bible
260
_a
New Delhi
_b
IDG
505
_a
CD/DVD
942
_a
NUST-CAE
_k
001.6424NEG
999
_c
266504
_d
266504